1586 1102 1773 1739 1874 1222 1344 1397 1019 1291 1388 1578 1328 1452 1006 1607 1930 1695 1401 1394 1912 1866 1394 1452 1724 1488 1081 1439 1870 1310 1938 1468 1627 1569 1596 1302 1579 1765 1430 1386 1960 1265 1939 1451 1596 1685 1679 1400 1315 1333 1933 1420 1803 1483 1401 1387 1743 1402 1357 1490 1615 1487 1328 1599 1857 1556 1568 1299 1160 1605 1652 1922 1645 1076 1178 1956 1742 1086 1329 1715 1619 1974 1247 1559 1056 1969 1155 1102 1214 1803 1745 1185 1200 1558 1959 1715 1544 1765 1962 BCNSPRNW ULIB Ver.6.0+V

เปลี่ยนเป็นภาษาไทย

Change to English
 แสดงรายละเอียดบรรณานุกรม
  กลับหน้าหลัก

Brief Record : Get Marc (ISO 2709) : E-mail record : QR code < ปิดหน้าต่าง
LEADER : 00000nam 2200000uu 4500
001    13399111960
003     ULIB
008    110712s2545||||th 000 0 tha d
020    9748212041
050 04 G465^bว842พ 2545
100 0  วีระ นุตยกุล
245 10 พิชิตสุดขอบโลก /^cวีระ นุตยกุล
250    พิมพ์ครั้งที่ 2
260    กรุงเทพฯ :^bสารคดี,^c2545
300    172 หน้า :^bภาพประกอบ ;^c21 ซม
650  7 การท่องเที่ยว
945    ^p0^l0^i015918
999 ^a ใช้งานได้ทุกระบบ
รายการนี้ยังไม่มีแท็ก
คุณยังไม่ได้ล็อกอิน คุณสามารถมีกิจกรรมร่วมกับเว็บไซต์ได้ แต่ต้องล็อกอินก่อน ::
  ล็อกอิน

รายการสื่อสารสนเทศ

ลำดับที่ ประเภท เลขเรียก/บาร์โค้ด สถานที่ สถานะ
- ไม่พบข้อมูล -

รายการใกล้เคียง
    หัวเรื่อง [การท่องเที่ยว]

BibComment


ยังไม่เคยถูกคอมเมนท์

คอมเมนท์ทรัพยากรรายการนี้
  คอมเมนท์: พิชิตสุดขอบโลก ว..


 Copyright 2026. Bcnsprnw @Library